Score 0/22 Timer 12:00
7 Plays Today
% Correct
And my axe.
95.8%
He arrives precisely when he means to.
95.4%
My... preciousssss.
95.3%
And I like less than half of you half as well as you deserve.
95.2%
Legend became myth.
94.6%
And yet after a hundred years they can still surprise you.
94.6%
You shall not pass!
94.2%
But you have elected the way of pain.
93.5%
I wouldn't count on it.
93.3%
And I don't mean to.
93.1%
Well, that rules you out, Pip.
92.6%
% Correct
It wants to be found.
91.9%
Of course you are. And I'm coming with you.
91.8%
Is it safe?
91.6%
And he does not share power.
89.2%
Though... I do not know the way.
88.7%
One ring to rule them all.
88.4%
The dwarf breathes so loud, we could have shot him in the dark.
88.2%
Whatever you did, you've been officially labeled a disturber of the peace.
87.7%
I am not trying to rob you. I'm trying to help you.
85.8%
Even the smallest person can change the course of the future.
80.7%
Indeed. I can avoid being seen if I wish, but to disappear entirely, that is a rare gift.
71.5%
Come Together.
Have Fun.
All Virtual.
We all need to come together. Play Sporcle's virtual live trivia to have fun, connect with people, and get your trivia on. Join a live hosted trivia game for your favorite pub trivia experience done virtually. If a virtual private party is more your thing, go here for details.

You're not logged in!

Compare scores with friends on all Sporcle quizzes.
OR
Log In

Sporcle TV

Today on Sporcle TV


Watch our educational content, quiz creation guides, and fun videos on Sporcle TV.

Show Comments

Extras

Top Quizzes Today


Score Distribution

Paid Content

Your Account Isn't Verified!

In order to create a playlist on Sporcle, you need to verify the email address you used during registration. Go to your Sporcle Settings to finish the process.

Report this User

Report this user for behavior that violates our Community Guidelines.

Details: